Innovative wastewater treatment & resource recovery technologies : impacts on energy, economy and environment /

Bibliographic Details
Other Authors: Lema, Juan M. (Editor), Suarez, Sonia (Editor)
Format: Book
Language:English
Published: London : IWA Publishing, [2017]
Subjects:

MARC

Tag First Indicator Second Indicator Subfields
LEADER 00000cam a2200000 i 4500
001 in00003881613
005 20171016112456.0
008 151202t20172017enka b 001 0 eng d
020 |a 1780407866  |q (paperback) 
020 |a 9781780407869  |q (paperback) 
020 |z 9781780407876  |q (ebook) 
035 |a (OCoLC)ocn930834127 
040 |a YDXCP  |e rda  |c YDXCP  |d COO  |d BWK  |d CDX  |d UtOrBLW 
049 |a TXAM 
050 4 |a TD745  |b .I564 2017 
082 0 |a 628.3  |2 23 
245 0 0 |a Innovative wastewater treatment & resource recovery technologies :  |b impacts on energy, economy and environment /  |c edited by Juan M. Lema and Sonia Suarez. 
246 3 |a Innovative wastewater treatment and resource recovery technologies 
264 1 |a London :  |b IWA Publishing,  |c [2017] 
264 4 |c ©2017 
300 |a xxxvii, 650 pages :  |b illustrations ;  |c 24 cm. 
336 |a text  |b txt  |2 rdacontent 
337 |a unmediated  |b n  |2 rdamedia 
338 |a volume  |b nc  |2 rdacarrier 
504 |a Includes bibliographical references and index. 
650 0 |a Sewage  |x Purification.  |0 http://id.loc.gov/authorities/subjects/sh85120461 
700 1 |a Lema, Juan M.,  |e editor.  |0 http://id.loc.gov/authorities/names/nb2017013892 
700 1 |a Suarez, Sonia,  |e editor.  |0 http://id.loc.gov/authorities/names/nb2017013893 
945 |b 165572 
947 |a A14850152977 
948 |a cataloged  |b h  |c 2017/7/17  |d c  |e dmitchel  |f 10:20:30 am 
994 |a C0  |b TXA 
999 f f |s a944d657-2d79-3602-aee4-adc2faad716b  |i 5eaf610a-4c3d-38e1-8d91-890fb849710e  |t 0 
952 f f |p normal  |a Texas A&M University  |b College Station  |c Sterling C. Evans Library  |s Evans stk  |d Evans: Library Stacks  |t 0  |e TD745 .I564 2017  |h Library of Congress classification  |i unmediated -- volume  |m A14850152977 
998 f f |a TD745 .I564 2017  |t 0  |l Evans: Library Stacks